000 01684nam0a2200325 4500
001 RU\NLR\b_ik\129925
005 20260407114359.0
035 _a(NLR Aleph) 002203300
090 _a3069770
_c3069770
100 _a20050608d2004 |||y0rusy50 ca
101 0 _aeng
_aspa
102 _aRU
105 _aac |||||||||
200 1 _aWorld library and information congress
_dCongreso mundial sobre bibliotecas e información
_econference programme
_f70th IFLA General conf. a. council, Buenos Aires, 2004, August 22-27
_zspa
210 _aS.l.
_cs.n.
_d[2004]
215 _a110 с.
_cил., цв. ил., портр.
_d30
300 _aТекст на англ. и исп. яз.
320 _aУказ.: с. 57-63
510 1 _aCongreso mundial sobre bibliotecas e información
_zspa
541 0 _aМеждународная федерация библиотечных ассоциаций.Генеральная конференция
_zrus
601 0 2 _aМеждународная федерация библиотечных ассоциаций и учреждений
_jСъезды, совещания и т.п.
_92621817
_3RU\NLR\AUTH\661558377
686 4 _aЧ734(0)л51
711 0 2 _4070
_8eng
_aInternational federation of library associations and institutions
_bGeneral conference
_d70
_f2004
_eBuenos Aires
_7ba
_3RU\NLR\AUTH\8810066160
_9633944
711 0 2 _4070
_8spa
_aFederación internacional de asociaciónes de bibliotecários e instituciónes
_bConferencia general
_d70
_f2004
_eBuenos Aires
_7ba
_3RU\NLR\AUTH\8810066381
_9634382
801 0 _aRU
_bNLR
_c20050608
_gPSBO
942 _cBOOK
980 _aNB